Proyecto Ordenamiento Forestal y Estrategias de Fortalecimiento a la Gobernanza Forestal de la Zona Indígena de Udic de la Cuenca del Río Cuduyari, Sector Piloto de la Reserva Forestal de la Amazonia en el Departamento de Vaupés, Jurisdicción C.D.A. (Registro nro. 8621)

Detalles MARC
000 -CABECERA
Campo de control 01298nam a22002297a 4500
005 - FECHA Y HORA DE LA ULTIMA TRANSACCION
Campo de control 20180803165602.0
008 - ELEMENTOS DE LONGITUD FIJA—INFORMACION GENERAL
Campo de control 140822|2010 xxu||||| |||| 00| 0 ck spa d
041 ## - IDIOMA
Código de idioma para texto/pista de sonido o título separado Español
044 ## - PAÍS DE PUBLICACIÓN
País de publicación Colombia
082 ## - NUMERO DE CLASIFICACION DECIMAL DEWEY
Número de clasificación 323.11
Número del ítem A83p
100 ## - ASIENTO PRINCIPAL--NOMBRE PERSONAL
Nombre personal
110 ## - ASIENTO PRINCIPAL--NOMBRE CORPORATIVO
Nombre corporativo o de jurisdicción como elemento de entrada Colombia
Unidad subordinad Asociación Profesionales Nueva Opción-ASONOP
245 ## - MENCION DE TITULO
Título Proyecto Ordenamiento Forestal y Estrategias de Fortalecimiento a la Gobernanza Forestal de la Zona Indígena de Udic de la Cuenca del Río Cuduyari, Sector Piloto de la Reserva Forestal de la Amazonia en el Departamento de Vaupés, Jurisdicción C.D.A.
Mención de responsabilidad Asociación Profesionales Nueva Opción-ASONOP
260 ## - PUBLICACION, DISTRIBUCION, ETC. (PIE DE IMPRENTA)
Lugar de publicación, distribución, etc. Villavicencio, Colombia
Nombre del editor, distribuidor, etc. Ministerio de Ambiente, Vivienda y Desarrollo Territorial Fondo de Compensación Ambiental-FCA
-- Corporación para el Desarrollo Sostenible del Norte y el Oriente Amazónica-CDA Seccional Vaupés
-- Asociación Profesionales Nueva Opción-ASONOP
-- Unión de Indígenas Cubeo del Cauduyari-UDIC
Fecha de publicación, distribución, etc. 2010
300 ## - DESCRIPCION FISICA
Extensión 44 p.
Otros detalles físicos Fot (col), tablas, mapas.
Dimensiones 29 cm.
650 #6 - ASIENTO SECUNDARIO DE MATERIA - TERMINO TEMATICO
Término temático o nombre geográfico como elemento de entrada Ordenamiento territorial
650 #6 - ASIENTO SECUNDARIO DE MATERIA - TERMINO TEMATICO
Término temático o nombre geográfico como elemento de entrada Grupos étnicos
650 #6 - ASIENTO SECUNDARIO DE MATERIA - TERMINO TEMATICO
Término temático o nombre geográfico como elemento de entrada Recursos naturales
Subdivisión geográfica Amazonas
700 ## - ASIENTO SECUNDARIO - NOMBRE PERSONAL
Nombre personal Gonzalez, Servando
Término de relación Trad.
700 ## - ASIENTO SECUNDARIO - NOMBRE PERSONAL
Nombre personal Quintero, Franc Darío
Término de relación Trad.
942 ## - ELEMENTOS ADICIONALES (KOHA)
Sistema de clasificación Dewey Decimal Classification
Tipo de ítem Libro
Existencias
Withdrawn status Lost status Sistema de Clasificación Damaged status No para préstamo Colección Inventariado Ubicación Permanente Ubicación actual Fecha de adquisición Fuente de Valor Valor Total Checkouts Número topográfico Inventario / Código de Barras Date last seen Ejemplar Price effective from Forma de adquisición Tipo de material
    Dewey Decimal Classification     General Inventariado 2017 Bogotá Bogotá 22/08/2014 Instituto 39000.00   LB-323.11 A83p 034120 22/08/2014 Ej. 1 22/08/2014   Libro